[Event "British Rapidplay"]
[Site "Peterborough"]
[Date "2025.03.01"]
[Round "4.49"]
[White "Quilter, Thomas A"]
[Black "Calvert, George"]
[Result "1-0"]
[WhiteElo "2162"]
[BlackElo "1740"]
[PlyCount "75"]
[EventDate "2025.03.01"]
[EventType "swiss (rapid)"]
[EventRounds "11"]
[EventCountry "ENG"]
[SourceTitle "BritBase"]
[Source "John Saunders"]
[SourceDate "2025.03.03"]
[SourceVersion "1"]
[SourceVersionDate "2025.03.03"]
[SourceQuality "2"]

1. e4 c5 2. a3 Nc6 3. b4 a6 4. Nc3 e5 5. b5 axb5 6. Bxb5 Nf6 7. d3 Nd4 8. Bc4 Be7 9. Nge2 O-O 10. O-O h6 11. f4 d6 12. f5 Bd7 13. Ng3 b5 14. Bd5 Nxd5 15. Nxd5 f6 16. c3 Nc6 17. Rb1 Rb8 18. Qg4 Kh8 19. Bxh6 gxh6 20. Qg6 Be8 21. Qxh6+ Kg8 22. Rf3 Rf7 23. Nh5 Rh7 24. Nhxf6+ Bxf6 25. Nxf6+ Qxf6 26. Qxf6 Rf7 27. Rg3+ Kf8 28. Qxd6+ Ne7 29. Qxb8 b4 30. axb4 cxb4 31. Qxb4 Rf6 32. Ra1 Bd7 33. Ra8+ Bc8 34. Rxc8+ Kf7 35. Qc4+ Nd5 36. Qxd5+ Ke7 37. Rg7+ Rf7 38. Rxf7# 1-0

[Event "British Rapidplay"]
[Site "Peterborough"]
[Date "2025.03.01"]
[Round "4.50"]
[White "Boswell, Jacob Connor"]
[Black "Kumar, Arnav"]
[Result "0-1"]
[WhiteElo "2245"]
[BlackElo "1767"]
[PlyCount "64"]
[EventDate "2025.03.01"]
[EventType "swiss (rapid)"]
[EventRounds "11"]
[EventCountry "ENG"]
[SourceTitle "BritBase"]
[Source "John Saunders"]
[SourceDate "2025.03.03"]
[SourceVersion "1"]
[SourceVersionDate "2025.03.03"]
[SourceQuality "2"]

1. d4 Nf6 2. c4 e6 3. Nf3 d5 4. Nc3 Be7 5. Bf4 O-O 6. e3 c6 7. Be2 Nbd7 8. O-O Nh5 9. Bg3 Nxg3 10. hxg3 Re8 11. Qc2 b6 12. cxd5 exd5 13. Rac1 Bb7 14. Rfd1 Rc8 15. Qa4 a5 16. Qc2 Nf6 17. Bf1 h6 18. Qb3 Bb4 19. Ne2 Ba6 20. Nf4 Bxf1 21. Kxf1 Bd6 22. Kg1 g5 23. Nd3 Ng4 24. Qc3 Qc7 25. Qd2 f6 26. Nh2 Qd7 27. Re1 h5 28. Qe2 Nxh2 29. Kxh2 h4 30. Kg1 hxg3 31. fxg3 Bxg3 32. Rf1 Qh7 0-1

[Event "British Rapidplay"]
[Site "Peterborough"]
[Date "2025.03.01"]
[Round "4.51"]
[White "Young, Daniel J"]
[Black "Harris, Michael"]
[Result "0-1"]
[WhiteElo "1975"]
[BlackElo "2234"]
[PlyCount "58"]
[EventDate "2025.03.01"]
[EventType "swiss (rapid)"]
[EventRounds "11"]
[EventCountry "ENG"]
[SourceTitle "BritBase"]
[Source "John Saunders"]
[SourceDate "2025.03.03"]
[SourceVersion "1"]
[SourceVersionDate "2025.03.03"]
[SourceQuality "2"]

1. e4 e6 2. d4 d5 3. Nc3 Nf6 4. e5 Nfd7 5. f4 c5 6. Nf3 Nc6 7. Be3 Qb6 8. Na4 Qa5+ 9. c3 cxd4 10. b4 Qc7 11. Nxd4 a6 12. Bd3 b5 13. Nb2 Ncxe5 14. fxe5 Qxc3+ 15. Qd2 Bxb4 16. Ke2 Nxe5 17. a4 Qxd2+ 18. Bxd2 Bxd2 19. Kxd2 Nc4+ 20. Kc3 Rb8 21. axb5 axb5 22. Nc6 Rb6 23. Nb4 O-O 24. Ra7 Rd8 25. Rha1 Bb7 26. Re1 d4+ 27. Kb3 Bxg2 28. Nxc4 bxc4+ 29. Bxc4 Rdb8 0-1

[Event "British Rapidplay"]
[Site "Peterborough"]
[Date "2025.03.01"]
[Round "4.52"]
[White "Khoury, Theo"]
[Black "Sanitt, Ethan"]
[Result "1-0"]
[WhiteElo "2164"]
[BlackElo "2102"]
[PlyCount "103"]
[EventDate "2025.03.01"]
[EventType "swiss (rapid)"]
[EventRounds "11"]
[EventCountry "ENG"]
[SourceTitle "BritBase"]
[Source "John Saunders"]
[SourceDate "2025.03.03"]
[SourceVersion "1"]
[SourceVersionDate "2025.03.03"]
[SourceQuality "2"]

1. e4 e6 2. d4 d5 3. Nc3 Bb4 4. exd5 exd5 5. Bd3 Nf6 6. Nge2 O-O 7. O-O Bg4 8. Bf4 c6 9. a3 Bd6 10. Qd2 Bxe2 11. Nxe2 Ne4 12. Bxe4 dxe4 13. c3 Na6 14. Ng3 f5 15. f3 Bxf4 16. Qxf4 exf3 17. Rxf3 g6 18. Re1 Nc7 19. Re5 Qd7 20. Qg5 Ne6 21. Qh6 Nxd4 22. Rfe3 Rf7 23. cxd4 f4 24. R3e4 fxg3 25. hxg3 Raf8 26. Qh4 Qd8 27. Re7 Rxe7 28. Rxe7 Rf7 29. Rxb7 Qxh4 30. Rb8+ Kg7 31. gxh4 Rd7 32. Rb4 Kf6 33. Rc4 Kf5 34. Kf2 Ke4 35. Rxc6 Kxd4 36. b4 Rf7+ 37. Kg3 Re7 38. Kg4 Re5 39. Ra6 h5+ 40. Kh3 g5 41. hxg5 Rxg5 42. Rxa7 Kc4 43. Ra5 Rg7 44. Rxh5 Kb3 45. Ra5 Kc4 46. g4 Rd7 47. g5 Kd4 48. Kg4 Ke4 49. g6 Rd1 50. Kg5 Rg1+ 51. Kh6 Rh1+ 52. Rh5 1-0

[Event "British Rapidplay"]
[Site "Peterborough"]
[Date "2025.03.01"]
[Round "4.53"]
[White "Finn, Peter"]
[Black "Liu, Jacob"]
[Result "1-0"]
[WhiteElo "2205"]
[BlackElo "1779"]
[PlyCount "77"]
[EventDate "2025.03.01"]
[EventType "swiss (rapid)"]
[EventRounds "11"]
[EventCountry "ENG"]
[SourceTitle "BritBase"]
[Source "John Saunders"]
[SourceDate "2025.03.03"]
[SourceVersion "1"]
[SourceVersionDate "2025.03.03"]
[SourceQuality "2"]

1. d4 d5 2. Nf3 Nf6 3. g3 Bf5 4. Bg2 e6 5. c4 c6 6. Nc3 Nbd7 7. Nh4 Bg4 8. h3 Bh5 9. g4 Bg6 10. Nxg6 hxg6 11. Qd3 Bd6 12. e4 dxe4 13. Nxe4 Nxe4 14. Qxe4 Nf6 15. Qc2 Qd7 16. Be3 Bb4+ 17. Ke2 O-O-O 18. Qa4 e5 19. Qxb4 exd4 20. Bf4 Nxg4 21. Qa5 d3+ 22. Kd2 Nxf2 23. Qxa7 Qd4 24. Qxd4 Rxd4 25. Be3 Ne4+ 26. Bxe4 Rxe4 27. Kxd3 Rhe8 28. Rae1 f5 29. Bf2 Rd8+ 30. Kc3 Rf4 31. Re2 Rf3+ 32. Kc2 Rh8 33. h4 g5 34. Rd1 gxh4 35. Bb6 h3 36. Red2 Rf2 37. Rxf2 Kb8 38. Rfd2 Rc8 39. Rd8 1-0

[Event "British Rapidplay"]
[Site "Peterborough"]
[Date "2025.03.01"]
[Round "4.54"]
[White "Walker, Martin Graham"]
[Black "Cheng, Louis"]
[Result "0-1"]
[WhiteElo "2091"]
[BlackElo "2015"]
[PlyCount "60"]
[EventDate "2025.03.01"]
[EventType "swiss (rapid)"]
[EventRounds "11"]
[EventCountry "ENG"]
[SourceTitle "BritBase"]
[Source "John Saunders"]
[SourceDate "2025.03.03"]
[SourceVersion "1"]
[SourceVersionDate "2025.03.03"]
[SourceQuality "2"]

1. e4 c5 2. Nf3 g6 3. c4 Nc6 4. d4 cxd4 5. Nxd4 Bg7 6. Nc2 Nf6 7. Nc3 O-O 8. Be2 d6 9. O-O Be6 10. Ne3 Rc8 11. Rb1 a6 12. Ned5 Ne5 13. b3 Bxd5 14. exd5 b5 15. Bf4 Nfd7 16. Bxe5 Nxe5 17. f4 Nd7 18. Ne4 bxc4 19. bxc4 Nb6 20. Qb3 Rb8 21. Rfd1 Qc7 22. Qa3 Nxc4 23. Qxa6 Ne3 24. Rbc1 Qd7 25. Rd3 Nf5 26. Bg4 Ra8 27. Qc6 Qa7+ 28. Kh1 Nd4 29. Qc7 Qxc7 30. Rxc7 f5 0-1

[Event "British Rapidplay"]
[Site "Peterborough"]
[Date "2025.03.01"]
[Round "4.55"]
[White "Patel, Zain"]
[Black "Gupta, Leonardo"]
[Result "1/2-1/2"]
[WhiteElo "2079"]
[BlackElo "1885"]
[PlyCount "55"]
[EventDate "2025.03.01"]
[EventType "swiss (rapid)"]
[EventRounds "11"]
[EventCountry "ENG"]
[SourceTitle "BritBase"]
[Source "John Saunders"]
[SourceDate "2025.03.03"]
[SourceVersion "1"]
[SourceVersionDate "2025.03.03"]
[SourceQuality "2"]

1. Nf3 d6 2. d4 Nf6 3. c4 g6 4. Nc3 Bg7 5. e4 O-O 6. Be2 Nbd7 7. O-O e5 8. Re1 Re8 9. Bf1 a6 10. Rb1 exd4 11. Nxd4 c6 12. b4 Nh5 13. Be2 Qf6 14. Be3 Nf4 15. Bf1 Ne5 16. Qd2 Bh6 17. f3 Be6 18. Nxe6 fxe6 19. Kh1 Rad8 20. Rbc1 b5 21. cxb5 axb5 22. Ne2 g5 23. Bxf4 gxf4 24. Nd4 Rc8 25. Red1 Kh8 26. Ne2 Rcd8 27. Nd4 Rc8 28. Ne2 1/2-1/2

[Event "British Rapidplay"]
[Site "Peterborough"]
[Date "2025.03.01"]
[Round "4.56"]
[White "Pyda, Arjun"]
[Black "Ansari, Athar"]
[Result "0-1"]
[WhiteElo "1819"]
[BlackElo "1954"]
[PlyCount "156"]
[EventDate "2025.03.01"]
[EventType "swiss (rapid)"]
[EventRounds "11"]
[EventCountry "ENG"]
[SourceTitle "BritBase"]
[Source "John Saunders"]
[SourceDate "2025.03.03"]
[SourceVersion "1"]
[SourceVersionDate "2025.03.03"]
[SourceQuality "2"]

1. e4 g6 2. d4 Bg7 3. Nc3 d6 4. Be3 Nd7 5. Qd2 e6 6. f3 a6 7. Bd3 Ne7 8. Nge2 O-O 9. Bh6 f6 10. h4 Qe8 11. h5 g5 12. Bxg7 Kxg7 13. f4 h6 14. O-O-O b5 15. Ng3 e5 16. fxg5 fxg5 17. Nd5 Nxd5 18. exd5 Nf6 19. Bg6 Qd8 20. dxe5 dxe5 21. Bf5 Ne8 22. Qd3 Nd6 23. Bxc8 Rxc8 24. Qg6+ Kh8 25. Qxh6+ Kg8 26. Qg6+ Kh8 27. Rhf1 Qe7 28. Nf5 Qh7 29. Nxd6 Qxg6 30. hxg6 cxd6 31. c3 Kg7 32. Kd2 Kxg6 33. Ke3 a5 34. Rxf8 Rxf8 35. a4 bxa4 36. Ra1 Rf4 37. g3 Rg4 38. Kf3 Rc4 39. Ke3 Rg4 40. Kf3 Kf5 41. Rh1 Rc4 42. Rh6 g4+ 43. Ke3 a3 44. bxa3 Rxc3+ 45. Kf2 Rxa3 46. Rxd6 Ke4 47. Rd8 Ra2+ 48. Ke1 Ke3 49. Kd1 Rd2+ 50. Ke1 a4 51. d6 a3 52. Ra8 Rxd6 53. Rxa3+ Rd3 54. Ra4 e4 55. Ra8 Rb3 56. Kd1 Kf3 57. Rf8+ Kxg3 58. Ke2 Rf3 59. Re8 e3 60. Rh8 Kg2 61. Rh4 g3 62. Rh8 Rf7 63. Kxe3 Re7+ 64. Kd2 Kf2 65. Rf8+ Kg1 66. Rg8 g2 67. Rh8 Rd7+ 68. Ke2 Re7+ 69. Kd2 Rf7 70. Ke2 Rf2+ 71. Ke1 Rf5 72. Ke2 Re5+ 73. Kd2 Kf2 74. Rf8+ Kg3 75. Rg8+ Kf3 76. Kd1 Re4 77. Rf8+ Rf4 78. Rg8 Kf2 0-1

[Event "British Rapidplay"]
[Site "Peterborough"]
[Date "2025.03.01"]
[Round "4.58"]
[White "Jackson, Sheila"]
[Black "Sahoo, Shivam"]
[Result "1-0"]
[WhiteElo "2031"]
[BlackElo "1728"]
[PlyCount "77"]
[EventDate "2025.03.01"]
[EventType "swiss (rapid)"]
[EventRounds "11"]
[EventCountry "ENG"]
[SourceTitle "BritBase"]
[Source "John Saunders"]
[SourceDate "2025.03.03"]
[SourceVersion "1"]
[SourceVersionDate "2025.03.03"]
[SourceQuality "2"]

1. e4 e6 2. d4 d5 3. Nd2 Nf6 4. e5 Nfd7 5. Bd3 c5 6. c3 Nc6 7. Ne2 cxd4 8. cxd4 f6 9. exf6 Nxf6 10. Nf3 Bd6 11. O-O O-O 12. Bg5 Bd7 13. Rc1 Qc7 14. Nc3 a6 15. Bh4 Rae8 16. Re1 Qb8 17. Bb1 Bf4 18. Bg3 b5 19. a3 Na5 20. Ne2 Bxg3 21. hxg3 Qd6 22. Nf4 Nc4 23. Qb3 Rc8 24. Bd3 Rfe8 25. Ne5 Na5 26. Qd1 Nc4 27. Qe2 Re7 28. Nxd7 Qxd7 29. a4 Rce8 30. axb5 axb5 31. b3 Nd6 32. f3 Qa7 33. Qf2 b4 34. Rc6 Qb8 35. Qc2 Nf7 36. Rcxe6 Qd8 37. Rxe7 Rxe7 38. Rxe7 Qxe7 39. Qc8+ 1-0

[Event "British Rapidplay"]
[Site "Peterborough"]
[Date "2025.03.01"]
[Round "4.59"]
[White "Bin-Suhayl, Yousuf"]
[Black "Mokhber-Garcia, Sebastian"]
[Result "1/2-1/2"]
[WhiteElo "1897"]
[BlackElo "1908"]
[PlyCount "103"]
[EventDate "2025.03.01"]
[EventType "swiss (rapid)"]
[EventRounds "11"]
[EventCountry "ENG"]
[SourceTitle "BritBase"]
[Source "John Saunders"]
[SourceDate "2025.03.03"]
[SourceVersion "1"]
[SourceVersionDate "2025.03.03"]
[SourceQuality "2"]

1. Nf3 Nf6 2. c4 c5 3. g3 b6 4. Bg2 Bb7 5. Nc3 d5 6. cxd5 Nxd5 7. O-O Nxc3 8. dxc3 Qd6 9. Qd2 Qxd2 10. Re1 Qd1 11. Rxd1 Nd7 12. Bf4 f6 13. Ne1 Bxg2 14. Kxg2 e5 15. Be3 Rd8 16. c4 Nb8 17. Nc2 Nc6 18. Na3 a6 19. Rxd8+ Kxd8 20. Rd1+ Kc7 21. Kf3 Be7 22. Nc2 h5 23. h3 Bd6 24. Bd2 f5 25. e4 g6 26. exf5 gxf5 27. Bc3 h4 28. Ne3 hxg3 29. fxg3 Rxh3 30. Nxf5 Nd4+ 31. Ke4 Nxf5 32. Kxf5 Rxg3 33. Rxd6 Rxc3 34. Rxb6 Rxc4 35. Rxa6 Rc2 36. b3 Re2 37. Re6 Rxa2 38. Rxe5 Kd6 39. Re6+ Kd5 40. Re5+ Kd4 41. Re4+ Kd3 42. Rc4 Rc2 43. Rh4 Kc3 44. Rh3+ Kb4 45. Ke5 Rd2 46. Rg3 Rd4 47. Rh3 Rd8 48. Rg3 Ra8 49. Kd5 Ra3 50. Rg4+ Kb5 51. Rc4 Rxb3 52. Rxc5+ 1/2-1/2

[Event "British Rapidplay"]
[Site "Peterborough"]
[Date "2025.03.01"]
[Round "4.63"]
[White "Naylor-Eade, Michael A"]
[Black "Smith, Adam"]
[Result "1-0"]
[WhiteElo "1989"]
[BlackElo "1692"]
[PlyCount "53"]
[EventDate "2025.03.01"]
[EventType "swiss (rapid)"]
[EventRounds "11"]
[EventCountry "ENG"]
[SourceTitle "BritBase"]
[Source "John Saunders"]
[SourceDate "2025.03.03"]
[SourceVersion "1"]
[SourceVersionDate "2025.03.03"]
[SourceQuality "2"]

1. e4 c6 2. d4 d5 3. Nc3 dxe4 4. Nxe4 Bf5 5. Ng3 Bg6 6. h4 h6 7. h5 Bh7 8. Nf3 e6 9. Bd3 Bxd3 10. Qxd3 Nf6 11. Bf4 Nbd7 12. O-O-O Nd5 13. Bd2 c5 14. c4 N5b6 15. d5 e5 16. Rhe1 Bd6 17. Nf5 Qf6 18. Nxd6+ Qxd6 19. Nxe5 Nxe5 20. Bc3 Nbd7 21. f4 f6 22. Qg6+ Kd8 23. fxe5 Qa6 24. Qxg7 Kc7 25. d6+ Kc6 26. e6 Ne5 27. Qc7# 1-0

[Event "British Rapidplay"]
[Site "Peterborough"]
[Date "2025.03.01"]
[Round "4.65"]
[White "Kairat, Alexander"]
[Black "Davis, Joshua"]
[Result "0-1"]
[WhiteElo "1656"]
[BlackElo "1716"]
[PlyCount "66"]
[EventDate "2025.03.01"]
[EventType "swiss (rapid)"]
[EventRounds "11"]
[EventCountry "ENG"]
[SourceTitle "BritBase"]
[Source "John Saunders"]
[SourceDate "2025.03.03"]
[SourceVersion "1"]
[SourceVersionDate "2025.03.03"]
[SourceQuality "2"]

1. e4 c6 2. d4 d5 3. e5 c5 4. c3 Nc6 5. Nf3 Bg4 6. Be2 cxd4 7. cxd4 e6 8. Nc3 Nge7 9. Be3 Bxf3 10. Bxf3 Nf5 11. Qd2 Be7 12. O-O O-O 13. Rac1 Qb6 14. Rfd1 Rfc8 15. Bg4 Nxe3 16. fxe3 h6 17. Rf1 Bg5 18. Kh1 a6 19. b3 Nxe5 20. dxe5 Bxe3 21. Nxd5 Rxc1 22. Rxc1 exd5 23. Qc2 Bxc1 24. Qxc1 Qd4 25. e6 Qxg4 26. exf7+ Kxf7 27. h3 Qd7 28. Qf4+ Kg8 29. Qd4 Rf8 30. a4 Qd6 31. Kg1 b6 32. h4 Qc5 33. Qxc5 bxc5 0-1

[Event "British Rapidplay"]
[Site "Peterborough"]
[Date "2025.03.01"]
[Round "4.66"]
[White "Lapidus, Alexey M"]
[Black "Rogowski, Rafal"]
[Result "1-0"]
[WhiteElo "1937"]
[BlackElo "1705"]
[PlyCount "49"]
[EventDate "2025.03.01"]
[EventType "swiss (rapid)"]
[EventRounds "11"]
[EventCountry "ENG"]
[SourceTitle "BritBase"]
[Source "John Saunders"]
[SourceDate "2025.03.03"]
[SourceVersion "1"]
[SourceVersionDate "2025.03.03"]
[SourceQuality "2"]

1. e4 d6 2. d4 g6 3. Nc3 Bg7 4. f4 Nf6 5. Nf3 O-O 6. Bd3 Bg4 7. h3 Bxf3 8. Qxf3 Nc6 9. Be3 e5 10. fxe5 dxe5 11. d5 Nb4 12. O-O Nxd3 13. cxd3 h6 14. g4 Kh7 15. Ne2 Nd7 16. Ng3 f6 17. Kg2 a6 18. h4 Rc8 19. h5 g5 20. Nf5 Rf7 21. Rac1 Bf8 22. Qf2 Bb4 23. Rc2 Bf8 24. Rfc1 Bg7 25. Nd6 1-0

[Event "British Rapidplay"]
[Site "Peterborough"]
[Date "2025.03.01"]
[Round "4.67"]
[White "Smith, Andrew PE"]
[Black "Brocklehurst, Andrew"]
[Result "0-1"]
[WhiteElo "1745"]
[BlackElo "1856"]
[PlyCount "62"]
[EventDate "2025.03.01"]
[EventType "swiss (rapid)"]
[EventRounds "11"]
[EventCountry "ENG"]
[SourceTitle "BritBase"]
[Source "John Saunders"]
[SourceDate "2025.03.03"]
[SourceVersion "1"]
[SourceVersionDate "2025.03.03"]
[SourceQuality "2"]

1. e4 c5 2. d4 cxd4 3. c3 d3 4. c4 d6 5. Nc3 Nf6 6. Bxd3 e6 7. Nf3 Be7 8. O-O Nc6 9. a3 O-O 10. h3 a6 11. Be3 Bd7 12. Qe2 Rc8 13. Rac1 h6 14. Rfd1 Qc7 15. b4 Ne5 16. Nxe5 dxe5 17. f3 Nh5 18. Qf2 Qd8 19. Bb6 Qe8 20. Be3 Nf4 21. Ne2 Nxd3 22. Rxd3 Bc6 23. Nc3 b5 24. c5 f5 25. exf5 Rxf5 26. Ne2 e4 27. Rd4 exf3 28. Qg3 fxe2 29. Bxh6 Qf7 30. Rg4 Rf1+ 31. Kh2 Bf6 0-1

[Event "British Rapidplay"]
[Site "Peterborough"]
[Date "2025.03.01"]
[Round "4.69"]
[White "May, David C"]
[Black "Mylovanov, Volodymyr"]
[Result "0-1"]
[WhiteElo "1670"]
[BlackElo "1821"]
[PlyCount "118"]
[EventDate "2025.03.01"]
[EventType "swiss (rapid)"]
[EventRounds "11"]
[EventCountry "ENG"]
[SourceTitle "BritBase"]
[Source "John Saunders"]
[SourceDate "2025.03.03"]
[SourceVersion "1"]
[SourceVersionDate "2025.03.03"]
[SourceQuality "2"]

1. d4 Nf6 2. Bf4 d5 3. e3 e6 4. Nf3 c5 5. c3 Bd6 6. Bg3 Ne4 7. Nbd2 Nxg3 8. hxg3 c4 9. Qc2 h6 10. e4 b5 11. exd5 exd5 12. O-O-O Be6 13. Re1 a5 14. Ne5 Bxe5 15. Rxe5 Nc6 16. Rxe6+ fxe6 17. Qg6+ Kd7 18. Qxg7+ Qe7 19. Qg4 b4 20. Nb1 Qg5+ 21. Qxg5 hxg5 22. Rg1 Rh2 23. Kc2 Rah8 24. f4 gxf4 25. gxf4 Rf8 26. Nd2 Rxf4 27. Nf3 Rxf3 28. a3 b3+ 29. Kc1 Rxf1+ 30. Rxf1 Rxg2 31. Rf7+ Kd6 32. Rf8 Rg1+ 33. Kd2 Rb1 34. a4 Rxb2+ 35. Kc1 Rc2+ 36. Kb1 Rxc3 37. Re8 Nxd4 38. Ra8 Nc6 39. Kb2 Rc2+ 40. Ka1 d4 41. Rh8 d3 42. Rh1 d2 43. Kb1 Rc1+ 44. Rxc1 dxc1=Q+ 45. Kxc1 Kc5 46. Kb2 Kb4 47. Kc1 Kxa4 48. Kb2 Kb4 49. Kb1 a4 50. Kb2 c3+ 51. Kb1 a3 52. Ka1 e5 53. Kb1 e4 54. Kc1 a2 55. Kd1 a1=Q+ 56. Ke2 b2 57. Ke3 b1=Q 58. Kf4 Qf1+ 59. Kg5 Qa5+ 0-1

[Event "British Rapidplay"]
[Site "Peterborough"]
[Date "2025.03.01"]
[Round "4.72"]
[White "Watkinson, Phil K"]
[Black "Nilim, Armaan"]
[Result "1-0"]
[WhiteElo "1775"]
[BlackElo "1848"]
[PlyCount "55"]
[EventDate "2025.03.01"]
[EventType "swiss (rapid)"]
[EventRounds "11"]
[EventCountry "ENG"]
[SourceTitle "BritBase"]
[Source "John Saunders"]
[SourceDate "2025.03.03"]
[SourceVersion "1"]
[SourceVersionDate "2025.03.03"]
[SourceQuality "2"]

1. d4 d5 2. c4 dxc4 3. Nf3 c5 4. d5 Nf6 5. Nc3 a6 6. a4 Bf5 7. e3 Nbd7 8. Bxc4 Nb6 9. Qe2 Ne4 10. O-O Nxc3 11. bxc3 Be4 12. Rd1 Bxf3 13. gxf3 g6 14. Bb3 Bg7 15. Bb2 O-O 16. a5 Nd7 17. d6 exd6 18. Rxd6 Be5 19. Rd5 Qg5+ 20. Kh1 Qh5 21. Rxe5 Nxe5 22. Rg1 Nxf3 23. Rg2 Qh3 24. Bd5 Ne5 25. c4 Nc6 26. Qc2 Rae8 27. Rxg6+ hxg6 28. Qxg6# 1-0

[Event "British Rapidplay"]
[Site "Peterborough"]
[Date "2025.03.01"]
[Round "4.73"]
[White "Blair, Jimmy"]
[Black "Graff, Ben"]
[Result "0-1"]
[WhiteElo "1648"]
[BlackElo "1800"]
[PlyCount "26"]
[EventDate "2025.03.01"]
[EventType "swiss (rapid)"]
[EventRounds "11"]
[EventCountry "ENG"]
[SourceTitle "BritBase"]
[Source "John Saunders"]
[SourceDate "2025.03.03"]
[SourceVersion "1"]
[SourceVersionDate "2025.03.03"]
[SourceQuality "2"]

1. g3 d5 2. Bg2 Nf6 3. b3 Nc6 4. Bb2 e5 5. e3 Be7 6. d3 O-O 7. Nd2 Be6 8. Ne2 Qd7 9. h3 Ne8 10. g4 f5 11. Ng3 f4 12. Nh5 fxe3 13. fxe3 Bh4+ 0-1

[Event "British Rapidplay"]
[Site "Peterborough"]
[Date "2025.03.01"]
[Round "4.75"]
[White "Brown, Chris"]
[Black "Bevis, Noah"]
[Result "0-1"]
[WhiteElo "1617"]
[BlackElo "1777"]
[PlyCount "58"]
[EventDate "2025.03.01"]
[EventType "swiss (rapid)"]
[EventRounds "11"]
[EventCountry "ENG"]
[SourceTitle "BritBase"]
[Source "John Saunders"]
[SourceDate "2025.03.03"]
[SourceVersion "1"]
[SourceVersionDate "2025.03.03"]
[SourceQuality "2"]

1. e4 c5 2. c3 e6 3. d4 d5 4. e5 Nc6 5. Nf3 Qb6 6. Bd3 Bd7 7. O-O cxd4 8. cxd4 Nge7 9. Nc3 a6 10. Re1 Nxd4 11. Nxd4 Qxd4 12. Be3 Qxe5 13. Bc5 Qc7 14. Ba3 Bc6 15. Rc1 Qd7 16. Ne2 Ng6 17. Ng3 Bxa3 18. bxa3 O-O 19. Qh5 Bb5 20. Bc2 Qd6 21. Ne2 Bxe2 22. Rxe2 Qxa3 23. Rce1 Qc5 24. h3 Qd4 25. Re3 Rac8 26. Bb1 Qd2 27. f4 Rc1 28. Kf1 Rxb1 29. Rxb1 Qxe3 0-1

[Event "British Rapidplay"]
[Site "Peterborough"]
[Date "2025.03.01"]
[Round "4.76"]
[White "Beswick, Andrew"]
[Black "Balmond, Tom"]
[Result "1-0"]
[WhiteElo "1560"]
[BlackElo "1708"]
[PlyCount "39"]
[EventDate "2025.03.01"]
[EventType "swiss (rapid)"]
[EventRounds "11"]
[EventCountry "ENG"]
[SourceTitle "BritBase"]
[Source "John Saunders"]
[SourceDate "2025.03.03"]
[SourceVersion "1"]
[SourceVersionDate "2025.03.03"]
[SourceQuality "2"]

1. e4 e5 2. d4 exd4 3. Nf3 Nc6 4. Nxd4 Nf6 5. Nxc6 bxc6 6. e5 Nd5 7. Bc4 Nb6 8. Bb3 Bc5 9. O-O O-O 10. Nc3 Re8 11. Bf4 Ba6 12. Re1 d5 13. exd6 Rxe1+ 14. Qxe1 Bxd6 15. Rd1 Qd7 16. Ne4 Re8 17. Bxd6 cxd6 18. Rxd6 Qxd6 19. Bxf7+ Kxf7 20. Nxd6+ 1-0

[Event "British Rapidplay"]
[Site "Peterborough"]
[Date "2025.03.01"]
[Round "4.77"]
[White "Ekram, Itmam"]
[Black "Boganadham, Ved Sudeep"]
[Result "1-0"]
[WhiteElo "1610"]
[BlackElo "1649"]
[PlyCount "177"]
[EventDate "2025.03.01"]
[EventType "swiss (rapid)"]
[EventRounds "11"]
[EventCountry "ENG"]
[SourceTitle "BritBase"]
[Source "John Saunders"]
[SourceDate "2025.03.03"]
[SourceVersion "1"]
[SourceVersionDate "2025.03.03"]
[SourceQuality "2"]

1. e4 e5 2. Nf3 Nf6 3. Nxe5 Nxe4 4. Nf3 Qe7 5. Qe2 Nc6 6. d3 Nf6 7. a3 d6 8. Qxe7+ Bxe7 9. Be2 Be6 10. Nc3 O-O-O 11. h3 h6 12. Be3 Kb8 13. O-O-O Ne5 14. Nxe5 dxe5 15. Bf3 Nd5 16. Nxd5 Bxd5 17. Bxd5 Rxd5 18. d4 e4 19. Rhf1 g5 20. f4 exf3 21. Rxf3 f5 22. c4 Rd7 23. Rxf5 c6 24. d5 Rhd8 25. Rd2 cxd5 26. Rfxd5 Rxd5 27. Rxd5 Rxd5 28. cxd5 b6 29. Kd2 Kc7 30. Kd3 Kd6 31. Ke4 Bf8 32. g4 Bg7 33. Bd4 Bf8 34. b4 Ke7 35. Be5 a5 36. bxa5 bxa5 37. a4 Kd7 38. Bc3 Bb4 39. Bxb4 axb4 40. Kd4 Kd6 41. Kc4 b3 42. Kxb3 Kxd5 43. a5 Kc5 44. a6 Kb6 45. a7 Kxa7 46. Kc4 Kb6 47. Kd5 Kb5 48. Ke5 Kc4 49. Kf6 Kd4 50. Kg6 Ke4 51. Kxh6 Kf4 52. Kh5 Ke5 53. Kxg5 Ke6 54. Kg6 Ke7 55. Kg7 Ke6 56. h4 Ke5 57. h5 Kf4 58. h6 Kxg4 59. h7 Kg3 60. h8=R Kf4 61. Rh5 Kg4 62. Kg6 Kf4 63. Ra5 Kg4 64. Ra4+ Kf3 65. Kg5 Ke3 66. Kf5 Kd3 67. Ke5 Kc3 68. Rh4 Kd3 69. Rg4 Kc3 70. Kd5 Kb3 71. Kc5 Ka3 72. Kb5 Kb3 73. Rg3+ Kc2 74. Kb4 Kd2 75. Kc4 Ke2 76. Kd4 Kf2 77. Ra3 Ke2 78. Rb3 Kf2 79. Ke4 Kg2 80. Kf4 Kh2 81. Rb2+ Kh3 82. Kf3 Kh4 83. Rg2 Kh3 84. Rg8 Kh4 85. Rg1 Kh5 86. Kf4 Kh6 87. Kf5 Kh7 88. Kf6 Kh8 89. Kf7 1-0

[Event "British Rapidplay"]
[Site "Peterborough"]
[Date "2025.03.01"]
[Round "4.78"]
[White "Van Neerven, Yvon"]
[Black "Sennaroglu, Djan"]
[Result "0-1"]
[WhiteElo "1528"]
[BlackElo "1693"]
[PlyCount "122"]
[EventDate "2025.03.01"]
[EventType "swiss (rapid)"]
[EventRounds "11"]
[EventCountry "ENG"]
[SourceTitle "BritBase"]
[Source "John Saunders"]
[SourceDate "2025.03.03"]
[SourceVersion "1"]
[SourceVersionDate "2025.03.03"]
[SourceQuality "2"]

1. Nf3 Nf6 2. d4 d5 3. Bf4 c6 4. e3 e6 5. c4 Bb4+ 6. Nc3 Ne4 7. Qb3 Bxc3+ 8. bxc3 Nd7 9. Be2 O-O 10. O-O Ndf6 11. cxd5 exd5 12. c4 Re8 13. h3 h6 14. Rfc1 a5 15. a4 Qe7 16. Ne5 Be6 17. c5 Kh7 18. f3 Nd2 19. Qc3 Nc4 20. Nxc4 dxc4 21. Bxc4 Bxc4 22. Qxc4 Nd5 23. Qd3+ Kg8 24. Re1 Qf6 25. Be5 Qg5 26. e4 Nb4 27. Qb3 Rad8 28. Rad1 Rd7 29. Bd6 Qh4 30. Qb2 Nd3 31. g3 Nxb2 32. gxh4 Nxd1 33. Rxd1 b6 34. Kf2 f6 35. Rb1 bxc5 36. dxc5 Kf7 37. Rb6 Rc8 38. Ra6 Rb7 39. Rxa5 g5 40. h5 Ke6 41. Ra6 f5 42. a5 Rb2+ 43. Ke3 f4+ 44. Kd3 Rb3+ 45. Ke2 Rb2+ 46. Kd3 Rf2 47. Ra7 Rxf3+ 48. Ke2 Re3+ 49. Kf2 Rxe4 50. a6 Ra4 51. Re7+ Kd5 52. a7 Ra8 53. Rh7 R8xa7 54. Rxh6 Ra2+ 55. Kf3 R7a3+ 56. Kg4 Rg3+ 57. Kf5 Rxh3 58. Kg4 Rg3+ 59. Kf5 Rh3 60. Kg4 Raa3 61. Kf5 f3 0-1